Informe sobre la justicia administrativa 2017 : (Record no. 197788)
[ view plain ]
| 000 -LEADER | |
|---|---|
| campo de control de longitud fija | 01392nam a2200301 i 4500 |
| 001 - NÚMERO DE CONTROL | |
| campo de control | 197788 |
| 003 - IDENTIFICADOR DE NÚMERO DE CONTROL | |
| campo de control | ES-MaACL |
| 005 - FECHA Y HORA DE LA ÚLTIMA TRANSACCIÓN | |
| campo de control | 20250901063145.0 |
| 008 - DATOS DE LONGITUD FIJA--INFORMACIÓN GENERAL | |
| campo de control de longitud fija | 250805b2015 sp ||||| |||| 00| 0 spa d |
| 017 ## - NÚMERO DE COPYRIGHT O DE DEPÓSITO LEGAL | |
| Número de copyright o de depósito legal | M 10331-2015 |
| Agencia que asigna | Oficina Depósito Legal Madrid |
| 020 ## - NÚMERO INTERNACIONAL ESTÁNDAR DEL LIBRO | |
| Número Internacional Estándar del Libro | 9788468503103 |
| 040 ## - FUENTE DE CATALOGACIÓN | |
| Lengua de catalogación | spa |
| Centro/agencia transcriptor | ES-MaACL |
| 245 ## - MENCIÓN DEL TÍTULO | |
| Título | Informe sobre la justicia administrativa 2017 : |
| Resto del título | tributos, contratos públicos, responsabilidad patrimonial y derechos fundamentales / |
| Mención de responsabilidad, etc. | Silvia Díez Sastre (directora) , César Martínez Sánchez (coordinador), Alfonso Egea de Haro [et al.]. |
| 250 ## - MENCION DE EDICION | |
| Mención de edición | Edición: mayo de 2017 |
| 260 ## - PUBLICACIÓN, DISTRIBUCIÓN, ETC. | |
| Lugar de publicación, distribución, etc. | Madrid : |
| Nombre del editor, distribuidor, etc. | Centro de Investigación sobre Justicia Administrativa de la Universidad Autónoma de Madrid (CIJA-UAM), |
| Fecha de publicación, distribución, etc. | 2017. |
| 300 ## - DESCRIPCIÓN FÍSICA | |
| Extensión | 276 páginas ; |
| Dimensiones | 17 cm. |
| 336 ## - TIPO DE CONTENIDO | |
| Fuente | rdacontent |
| Término de tipo de contenido | texto |
| 337 ## - TIPO DE MEDIO | |
| Fuente | rdamedia |
| Nombre/término del tipo de medio | sin mediación |
| 338 ## - TIPO DE SOPORTE | |
| Fuente | rdacarrier |
| Nombre/término del tipo de soporte | volumen |
| 650 #4 - PUNTO DE ACCESO ADICIONAL DE MATERIA--TÉRMINO DE MATERIA | |
| 9 (RLIN) | 14032 |
| Término de materia o nombre geográfico como elemento de entrada | Justicia |
| 650 #4 - PUNTO DE ACCESO ADICIONAL DE MATERIA--TÉRMINO DE MATERIA | |
| 9 (RLIN) | 16424 |
| Término de materia o nombre geográfico como elemento de entrada | Procedimiento contencioso administrativo- |
| Subdivisión geográfica | España |
| 650 #7 - PUNTO DE ACCESO ADICIONAL DE MATERIA--TÉRMINO DE MATERIA | |
| Fuente del encabezamiento o término | embne |
| 9 (RLIN) | 11647 |
| Término de materia o nombre geográfico como elemento de entrada | Derecho administrativo económico |
| 852 ## - LOCALIZACIÓN | |
| Ubicación | ES-MaACL |
| Ubicación en estantería | Depósito J |
| Número de control de estantería | N-10616 |
| Encuadernación | Encuadernación rústica con solapas |
| itemnumber | 206739 |
| Donativo/Legado | Donación: Editorial |
| 942 ## - ELEMENTOS DE ENTRADA SECUNDARIOS (KOHA) | |
| Tipo de ítem Koha | Libro impreso |
| Suprimir en OPAC | No |
| Estatus retirado | Estado de pérdida | Fuente del sistema de clasificación o colocación | Estado de daño | No para préstamo | Biblioteca de origen | Biblioteca actual | Ubicación en estantería | Fecha de adquisición | Fuente de adquisición | Total de préstamos | Signatura topográfica completa | Código de barras | Visto por última vez | Precio de reemplazo | Tipo de ítem Koha |
|---|---|---|---|---|---|---|---|---|---|---|---|---|---|---|---|
| Clasificación decimal universal | Biblioteca del Ateneo de Madrid | Biblioteca del Ateneo de Madrid | Depósito J | 30/08/2025 | Donación | N-10616 | 2025-1115 | 30/08/2025 | 30/08/2025 | Libro impreso |
